LEADER 01963nam1 22003973i 450 001 CAGE044280 005 20170908093316.0 100 $a20150418d1718 ||||0itac50 ba 101 | $alat 102 $afr 181 1$6z01$ai $bxxxe 182 1$6z01$an 200 1 $a˜Augustini Barbosae ... œJuris ecclesiastici uniuersi libri tres, in quorum 1. de personis, 2. de locis, 3. de rebus ecclesiasticis plenissimè agitur ... Cum triplici indice ... 210 $aEditio nouissima ab authore recognita et erroribus ablatis, utiliter locupletata 215 $aLugduni$csumptibus Anisson & Posuel, 1718 - 2 v.$dfol 300 $aTesto su due colonne 300 $aSul front. marca non controllata (Giglio con due rose dentro un ovale sostenuto da figure femminili affiancate da un gallo e un leone) sottoscritta da Papillon. 314 $aIncisore$9BVEV079639 463 1$1001CAGE044281$12000 $a[1]$v1 463 1$1001CAGE044282$12001 $a˜[2]: Pars altera œIn qua de locis & rerus ecclesiasricis simul abundè agitur$v2 620 $dLione$3RLZL001494 700 1$aBarbosa$b, Agostinho$f <1590-1649>$3MILV034553$4070$0233947 702 1$aPapillon$b, Jean$f <1661-1744>$3BVEV079639 712 02$aAnisson & Posuel$3TO0V371155$4650 790 1$aBarbosa$b, Augustín$3BVEV129407$zBarbosa, Agostinho <1590-1649> 790 1$aBarbosa$b, Agostino$3CFIV201197$zBarbosa, Agostinho <1590-1649> 790 1$aBarbosa$b, Augustino$3CFIV201198$zBarbosa, Agostinho <1590-1649> 791 02$aAnisson, & Posuel, Joannes$3CFIV316570$zAnisson & Posuel 791 02$aAnisson, & Posuel, Jean$f $3SBNV002703$zAnisson & Posuel 801 3$aIT$bIT-NA0079$c20150418 850 $aIT-NA0065 912 $aCAGE044280 967 $m1 977 $a PP 996 $aJuris ecclesiastici uniuersi libri tres, in quorum 1. de personis, 2. de locis, 3. de rebus ecclesiasticis plenissimè agitur ... Cum triplici indice ..$91485608 997 $aUNISANNIO